|
|
|
|
| LEADER |
01206nam a2200337Ia 4500 |
| 001 |
9781135804688 |
| 003 |
FlBoTFG |
| 005 |
20100903141255.0 |
| 006 |
a|||||s||||||||||| |
| 007 |
cr|||| |
| 008 |
100823s2001 enka sb 001 0 eng d |
| 020 |
|
|
|a 9780203180600 (e-book : PDF)
|
| 040 |
|
|
|a FlBoTFG
|c FlBoTFG
|d GrThAP
|
| 043 |
|
|
|a e-uk-en
|a e-uk-wl
|
| 090 |
|
|
|a KD1140
|b .P65 2001
|
| 092 |
|
|
|a 343.4207869
|b P773
|
| 100 |
1 |
|
|a Polley, Simon.
|
| 245 |
1 |
0 |
|a Understanding the building regulations
|h [electronic resource] /
|c Simon Polley.
|
| 250 |
|
|
|a 2nd ed.
|
| 260 |
|
|
|a London :
|b Spon Press,
|c 2001.
|
| 300 |
|
|
|a xii, 212 p. :
|b ill. ;
|c [ca. 23-29] cm.
|
| 500 |
|
|
|a First published 1995 by E & FN Spon.
|
| 504 |
|
|
|a Includes bibliographical references and index.
|
| 530 |
|
|
|a Also available in print edition.
|
| 533 |
|
|
|a Electronic reproduction.
|b [London, Eng. :
|b Taylor and Francis,
|d 2010].
|n PDF file created from digital scan of print book.
|
| 650 |
|
0 |
|a Building laws
|z England.
|
| 650 |
|
0 |
|a Building laws
|z Wales.
|
| 655 |
|
7 |
|a Electronic books.
|2 lcsh
|
| 776 |
1 |
|
|z 0419247203
|
| 776 |
1 |
|
|z 9780419247203
|
| 856 |
4 |
0 |
|u http://www.tandfebooks.com/isbn/9780203180600
|z Full Text via HEAL-Link
|